The extreme right in Western Europe /

Bibliographic Details
Main Author: Hainsworth, Paul, 1950-
Format: Book
Language:English
Published: London ; New York : Routledge, 2008.
Series:Making of the contemporary world.
Subjects:
Online Access:Publisher description

MARC

Tag First Indicator Second Indicator Subfields
LEADER 00000cam a22000004a 4500
001 in00002390549
005 20151109055214.0
008 070828s2008 enk b 001 0 eng
010 |a  2007035029 
020 |a 9780415396820 (hardcover) 
020 |a 0415396824 (hardcover) 
020 |a 9780415170970 (pbk.) 
020 |a 0415170974 (pbk.) 
029 1 |a AU@  |b 000042177431 
029 1 |a NLGGC  |b 306685108 
035 |a (OCoLC)ocn167764099 
035 |a (OCoLC)167764099 
040 |a DLC  |c DLC  |d BAKER  |d BTCTA  |d YDXCP  |d C#P  |d NLGGC  |d UtOrBLW 
043 |a e------  |a n-us--- 
049 |a TXAM 
050 0 4 |a JC573.2.E85  |b H35 2008 
082 0 0 |a 320.52094  |2 22 
084 |a 15.70  |2 bcl 
100 1 |a Hainsworth, Paul,  |d 1950- 
245 1 4 |a The extreme right in Western Europe /  |c Paul Hainsworth. 
264 1 |a London ;  |a New York :  |b Routledge,  |c 2008. 
300 |a xii, 160 pages ;  |c 22 cm. 
336 |a text  |b txt  |2 rdacontent 
337 |a unmediated  |b n  |2 rdamedia 
338 |a volume  |b nc  |2 rdacarrier 
490 1 |a The making of the contemporary world 
504 |a Includes bibliographical references (pages [134]-148) and index. 
505 0 |a Introduction : the extreme right in Western Europe -- Extreme rightism -- Success at the polls : from marginalisation to ascendancy to outcomes -- Fluctuations on the extreme right -- Ideology, discourse and policies -- Voters and voting -- Impact -- Conclusion : past, present and future. 
650 0 |a Conservatism  |z Europe, Western. 
650 0 |a Right-wing extremists  |z Europe, Western. 
650 1 7 |a Desintegratie.  |2 gtt 
650 1 7 |a Rechts (politiek)  |2 gtt 
650 1 7 |a Extremisme.  |2 gtt 
650 1 7 |a Electoraat.  |2 gtt 
650 1 7 |a Sekseverschillen.  |2 gtt 
651 7 |a Europa (geografie)  |2 gtt 
830 0 |a Making of the contemporary world. 
856 4 2 |3 Publisher description  |u http://www.loc.gov/catdir/enhancements/fy0745/2007035029-d.html  |t 0 
938 |a Baker & Taylor  |b BKTY  |c 28.95  |d 28.95  |i 0415170974  |n 0007356112  |s active 
938 |a Baker and Taylor  |b BTCP  |n BK0007509511 
938 |a Baker & Taylor  |b BKTY  |c 90.00  |d 90.00  |i 0415396824  |n 0007509511  |s active 
938 |a YBP Library Services  |b YANK  |n 2728349 
945 |a PromptCat  |b 419614 
946 |a stk 
947 |a A14836781372 
994 |a 92  |b TXA 
948 |a cataloged  |b h  |c 2008/5/30  |d c  |e asalazar  |f 2:48:54 pm 
999 |a MARS 
999 f f |s a76d0919-fc70-3c45-9aab-523bcbf1c29f  |i 01735509-d31f-33a8-9dd1-f2bc544fa3a1  |t 0 
952 f f |p normal  |a Texas A&M University  |b College Station  |c Sterling C. Evans Library  |s Evans stk  |d Evans: Library Stacks  |t 0  |e JC573.2.E85 H35 2008  |h Library of Congress classification  |i unmediated -- volume  |m A14836781372 
998 f f |a JC573.2.E85 H35 2008  |t 0  |l Evans: Library Stacks